Úvod do problematiky finančnej gramotnosti

Pojem finančná gramotnosť. Úroveň finančnej gramotnosti na Slovensku a v Európskej únii. Iniciatívy Európskej komisie v procese finančného vzdelávania.

Saved in:
Bibliographic Details
Main Author: Pilch, Ctibor, 1957-
Other Authors: Pilchová, Lenka
Format: Book Chapter
Language:Slovak
Subjects:
Tags: Add Tag
No Tags, Be the first to tag this record!

MARC

LEADER 00000nla a2200000 4500
001 0224909
005 20240502073702.1
041 0 |a slo 
044 |a SK 
245 1 0 |a Úvod do problematiky finančnej gramotnosti  |c Ctibor Pilch, Lenka Pilchová 
520 |a Pojem finančná gramotnosť. Úroveň finančnej gramotnosti na Slovensku a v Európskej únii. Iniciatívy Európskej komisie v procese finančného vzdelávania. 
610 2 0 |a gramotnosť finančná 
610 2 0 |a vzdelávanie 
610 2 0 |a Slovensko 
610 2 0 |a Európska únia 
100 1 |a Pilch, Ctibor, 1957- 
700 1 |a Pilchová, Lenka